000 00368nam a22001457a 4500
008 230626b xxu||||| |||| 00| 0 eng d
082 _a332.9
_bJDS
100 _cNiels Hermes
245 _aThe Journal of Development Studies
260 _aEngland
_bFrank CASS & Co.
_c2001
300 _a176p
440 _n5
_v37
_x0022038
700 _cRobert Lensink
942 _2ddc
_cBK
999 _c2630
_d2630